=LDR 00000nam 2200000 4500 =001 000378 =005 20250710030823 =035 ##$$a 0010-0725000238 =007 ta =008 250710################a##########0#ind## =020 ##$$a 978-623-307-196-3 =082 ##$$a 398.245 =084 ##$$a 398.245 KW, a =100 #$$a KW, Tyas =245 1#$$a Ayo Lari, Kino /$c Tyas KW =250 ##$$a Cetakan Pertama =260 ##$$a Jakarta Timur :$b Badan Pengembangan dan Pembinaan Bahasa,$c 2022 =300 ##$$a 24 hlm : $b ilus. ; $c 29,7 cm =650 #4$$a Literasi-Bahan Bacaan =600 #4$$a Cerita anak - Fabel =856 ##$$a TBM AS SUHADA =990 ##$$a TBM00990099